Management in the modern organization: instructor's manual
Guardado en:
| Autor principal: | |
|---|---|
| Formato: | Libro |
| Lenguaje: | inglés |
| Publicado: |
Boston
Houghton Mifflin Company
1974
|
| Edición: | 2a. ed |
| Materias: | |
| Etiquetas: |
Agregar Etiqueta
Sin Etiquetas, Sea el primero en etiquetar este registro!
|
MARC
| LEADER | 00000nam a2200000 a 4500 | ||
|---|---|---|---|
| 001 | UCQ7411 | ||
| 003 | CL-VaPUC | ||
| 008 | 981107e19740000US |||||||||||||||||eng|d | ||
| 082 | 0 | 4 | |a 658 |b JAD |2 21 |
| 100 | 0 | |a Jedel, Michael Jay |e author |9 421268 | |
| 245 | 1 | 0 | |a Management in the modern organization: instructor's manual |
| 250 | |a 2a. ed | ||
| 300 | |a 258 p | ||
| 942 | |c BK | ||
| 945 | |d 19981107 00:00:00 |a crobeson | ||
| 260 | |a Boston |b Houghton Mifflin Company |c 1974 | ||
| 650 | 0 | |a Administración |9 259325 | |
| 650 | 0 | |a Organizaciones |9 337993 | |
| 650 | 0 | |a Mercado |9 321497 | |
| 650 | 7 | |a PLANIFICACION |2 CL-VaPUC |9 260802 | |
| 650 | 7 | |a POLITICAS |2 CL-VaPUC |9 362025 | |
| 650 | 0 | |a Comunicación |9 257251 | |
| 650 | 0 | |a Control |9 330602 | |
| 583 | |a last modification |c 19981107 00:00:00 |k Rodrigo Vera | ||
| 999 | |c 277069 |d 277067 | ||
| 952 | |0 0 |1 0 |4 0 |6 658_000000000000000_JAD_1974 |7 0 |8 A |9 314792 |a BIBEDU |b BIBEDU |d 2019-11-20 |i 1489542 |o 658 JAD 1974 |p 1489542 |r 2019-11-20 |w 2019-11-20 |y BK |k LIT | ||